000 00783nam a2200253Ia 4500
003 OSt
005 20220923215829.0
006 a|||||r|||| 00| 0
007 ta
008 220922b |||||||| |||| 00| 0 hin d
024 _a182,074
037 _cTextual
040 _aARTS
_cARTS
_bhin
041 _2hin
_ahin
082 _aO152,1N339, M7
100 _aभादानी, हरीश
245 0 _aउजली नजर की सुई
246 _aUjalī najar kī suī
260 _aजयपुर
_b पंचशील प्रकाशन
_c1987
300 _a99 पृ.
_ccm.
650 _aहिन्दी साहित्य
_9156264
942 _hO152,1N339, M7
_cTEXL
_2CC
999 _c335448
_d335448